000 00660nam a2200229 a 4500
005 20240913063901.0
008 170324s2001 mx r 000 0 spa d
020 _a9687750219
035 _aUPN01000217015
049 _aCG
050 4 _aJC423
_bG8.2 2001
100 1 _aGuevara Niebla, Gilberto,
_d1944-
_928545
245 1 0 _aDemocracia y educación /
_cGilberto Guevara Niebla.
250 _a2a ed.
260 _aMéxico :
_bIFE,
_c2001.
300 _a83 p.
440 0 _aCuadernos de divulgación de la cultura democrática ;
_v16
650 4 _aDemocracia y educación
_919896
650 4 _aDemocracia
_96020
905 _aLibro
999 _c189115
_d189115